Jugadoras Queens League - Estadísticas

Estadísticas generales
  • Esta prueba ha sido intentada 10 veces
  • La puntuación promedio es 23 de 50
Estadísticas de respuestas
Imagen Respuesta % Correcto
Andrea Chini
100%
Mar Serracanta
100%
Andrea Martinez (Motorcito)
71%
Clara Carmona
71%
Mapi
71%
Nuria Llop
71%
Ona Aldea
71%
Sandra Luzardo
71%
Sara Ismael
71%
Susi Lopez
71%
Alba Mellado
57%
Alicia Hernandez
57%
Anna Tan
57%
Antonela
57%
Aroney
57%
Blanca Cros
57%
China
57%
Cris Campos
57%
Fati
57%
Laura Vilaseca
57%
Maria Pi
57%
Paula Blas
57%
Sara Ronzero
57%
Alex Giro
43%
Andrea Santa
43%
Celine Ramos
43%
Cris Chavero
43%
Elena Benitez
43%
Eybis Medina
43%
Martina Pubill
43%
Olga Garcia
43%
Patricia Mascaro
43%
Adri Ruiz
29%
Ari Saez
29%
Dunia
29%
Esther Sola
29%
Evita Diez
29%
Irene Corral
29%
Jou Vega
29%
Mar Dalmau
29%
Nuria
29%
Rocio Serrano
29%
Sarai Lucha
29%
Tania Moyano
29%
Yesenia
29%
Cris Martin
14%
Julia Cerdan
14%
Lidia Rabassa
14%
Nicole
14%
Olga Gomez
14%
No se encontraron pruebas coincidentes
Distribución de puntuación
Porcentaje de gente con cada puntuación
Porcentaje por número respondido
Historial de tus puntuaciones
No has intentado esta prueba.